000 00350nam a2200157Ia 4500
008 230711s9999||||xx |||||||||||||| ||und||
041 _aENG
082 _a720
_bBR-M
100 _aBroto,Carles
245 0 _aMinimalist interiors
250 _a1st
260 _c2008
_aBarcelona
_bLink Books
300 _a239
650 _aArchitecture
942 _cBK
999 _c5366
_d5366